00421nam a22001572 4500001001100000005001700011008004100028040001500069100003800084245004700122250001300169260003500182300001100217650003200228852000300260000000977920151217155844.0081127s xx 000 0 eng d aKABUcKABU1 aMnyampala, Mathias E.@000016151810aWaadhi wa ushairi /cMathias E. Mnyampala. a1st ed. aNairobi :bE. A. L. B.,c1965. a87 p. 0aSwahili poetry.@00001521441